| 000 | 00519nam a2200181Ia 4500 | ||
|---|---|---|---|
| 008 | 180921t2016 xxu||||| |||| 00| 0 sin d | ||
| 041 | _asin | ||
| 080 |
_a8C3 _b(Youth) BLY |
||
| 100 | _aBlyton, Enid | ||
| 245 | _aමීදුම් මිටියාවතේ අභිරහස | ||
| 246 | _aMeedum Mitiyawathe Abhirahasa | ||
| 260 |
_bNipun poth _aMoratuwa _c2016 |
||
| 300 | _a192p, 19cm | ||
| 700 |
_aThatsarani Satharasinghe _etr. |
||
| 942 | _cBK | ||
| 999 |
_c11873 _d11873 |
||
| 003 | LK-CoDNM | ||
| 040 |
_aLK-CoDNM _dLK-CoDNM _eLK-CoDNM |
||